000
00272nam a22001217a 4500
008
181004b xxu||||| |||| 00| 0 eng d
041
_a
eng
080
_a
341
100
_a
15
101
_a
SHJ
245
_a
American College of trial Lawyers
_c
Lukey,J.A
942
_2
udc
_c
BK
999
_c
48851
_d
48851